• 首页
  • 本馆介绍
  • 公告通知
  • 最新文献
  • 馆藏检索
  • 电子资源
  • 读者导购
  • 参考咨询
  • 我的图书馆
  • 登录
  • 详细信息显示
  • 放入我的书架
  • 预约/预借图书
  • 作者相关作品
  • 分类相关作品
  • 丛书相关作品
  • 出版社相关作品

书目信息

  • 表格格式
  • 工作单格式
  • 卡片格式
题名:
未完成的梦
    
 
作者: 阮义忠 著
分册:  
出版信息: 上海   上海译文出版社  2016
页数: 268页
开本: 21cm
丛书名:
单 册:
中图分类: K825.72
科图分类:
主题词: 画家--访问记--中国--现代
电子资源:
ISBN: 978-7-5327-7209-4
000 00951nam0 2200265 45
001 012001004110
005 20140928162348.0
010    @a978-7-5327-7209-4@dCNY42.00
100    @a20161019d2016 em y0chiy50 ea
101 0  @achi
102    @aCN@b310000
105    @aa z 000yy
106    @ar
200 1  @a未完成的梦@9wei wan cheng de meng@e海外画家访谈录@f阮义忠著
210    @a上海@c上海译文出版社@d2016
215    @a268页@c图,照片@d21cm
300    @a阮义忠作品系列
314    @a阮义忠 (1950-),摄影家、摄影评论家,阮义忠摄影人文奖创始人。生于台湾。
330    @a本书汇集了著名摄影家阮义忠,在上世纪80年代,以书信访问丁雄泉、谢理法、庞曾瀛、廖修平、赵春翔、萧勤等八位旅居海外的重要画家的访谈录。
517 1  @a海外画家访谈录@9hai wai hua jia fang tan lu
606 0  @a画家@x访问记@y中国@z现代
690    @aK825.72@v5
701  0 @a阮义忠@9ruan yi zhong@4著
801  0 @aCN@b上海新华@c20180901
905    @b1164297-301@dK825.72@e1203@f5
    
    未完成的梦:海外画家访谈录/阮义忠著.-上海:上海译文出版社,2016
    268页:图,照片;21cm
    阮义忠作品系列
    
    ISBN 978-7-5327-7209-4:CNY42.00
    本书汇集了著名摄影家阮义忠,在上世纪80年代,以书信访问丁雄泉、谢理法、庞曾瀛、廖修平、赵春翔、萧勤等八位旅居海外的重要画家的访谈录。
●
相关链接 在E读中查询图书 在五车中查询图书 在当当中查询图书 在豆瓣中查询图书


正题名:未完成的梦     索取号:K825.72/1203         预约/预借

序号 登录号 条形码 馆藏地/架位号 状态 备注
1 1164297   211642971   第二样本阅览室/ [索取号:K825.72/1203] 在馆    
2 1164298   211642980   密集书库-史法系/ [索取号:K825.72/1203] 在馆    
3 1164299   211642999   第二借阅区/ [索取号:K825.72/1203] 在馆    
4 1164300   211643006   第二借阅区/ [索取号:K825.72/1203] 在馆    
5 1164301   211643015   第二借阅区/ [索取号:K825.72/1203] 在馆    
唐山师范学院图书馆 欢迎您!
大连网信软件有限公司© 版权所有